000 01088nam a2200289Ia 4500
003 OSt
005 20221005110629.0
006 a|||||r|||| 00| 0
007 ta
008 221004b |||||||| |||| 00| 0 hin d
020 _a9789326350303 (hbk)
_cINR 130.00
024 _a36999
037 _bBW/1691, 15/03/2018, Bookwell
_cTextual
040 _aCRL
_cCRL
_bhin
041 _2hin
_ahin
082 _aO152,3N30,SB, Q2
100 _aहृदयेश, ले.
245 0 _aशब्द भी हत्या करते हैं
246 _aShabda bhī hatyā karate haian
260 _aनई दिल्ली
_bभारतीय ज्ञानपीठ भारत
_c2012
300 _a112पृ0
_ccm.
490 _aलोकोदय ग्रन्थमाला; ग्रन्थांक 1143
650 _a हिन्दी साहित्य
650 _aहिन्दी कहानी
942 _hO152,3N30,SB, Q2
_cTEXL
_2cc
999 _c1019395
_d1019395